Statistics for US Cities with a Union Station

Click here to take the quiz!

General Stats

  • This quiz has been taken 15 times
  • The average score is 12 of 15

Answer Stats

HintAnswer% Correct
ILChicago
100%
TXDallas
93%
CODenver
93%
ARLittle Rock
93%
CALos Angeles
93%
ORPortland
93%
NCRaleigh
93%
DCWashington
93%
MOKansas City
80%
PAPittsburgh
80%
FLTampa
80%
CTNew Haven
73%
MAWorcester
53%
MSMeridian
27%
CTNew London
20%

Score Distribution

Percentile by Number Answered

Percent of People with Each Score

Your Score History

You have not taken this quiz